LEADER 01109nam a2200205 i 4500 001 000000205143 003 CaOOAMICUS 005 20110817000000.0 008 110817s1811 it u000 u ita u 013 $a183879 026 $ai.le nib- zaci (*Fo (7) 1811 (A) 040 $aSeMil$bita 245 10$aNotizie de' professori del disegno da Cimabue in qua. Opera di Filippo Baldinucci ... con note ed aggiunte. 300 $a[2], 547, [1] p., [2] carta di tav. ripieg. :$bill. 490 0 $aEdizione delle opere classiche italiane 773 0 $aBaldinucci, Filippo <1624-1696>$tOpere di Filippo Baldinucci. Volume 1. [-14.].$dMilano : Tip. de' Classici Italiani, contrada di S. Margherita, n.° 1118, 1808-1812.$kEdizione delle opere classiche italiane$g5$w()25301 830 0$aEdizione delle opere classiche italiane.$0(OLS)http://semarc/title/33675 850 $aSeMil 852 $aSeMil$W1$xVenegono$y1$m1N I 1 FA$j155637$B155637$CSeMilBibl$Z2$F166936 $8I 996 $6245$aNotizie de' professori del disegno da Cimabue in qua. Opera di Filippo Baldinucci ... con note ed aggiunte$9(OLS)http://semarc/title/296976 LEADER 00954nam a2200229 i 4500 001 000000072129 003 CaOOAMICUS 005 20090217000000.0 008 090217s1978 it u000 u ita u 013 $a43301 040 $aSeMil$bita 100 1 $aZanzi, Luigi Cristiano,$d<1938-2015>.$0(OLS)http://semarc/name/15728 245 10$aLogica delle forme temporali e teoria della storia /$cLuigi Zanzi. 260 $a[S.l. :$bs.n.,$c1978?] 300 $aP. 133-345 ;$c24 cm. 500 $aEstr. da: Miscellanea storica ligure, anno X, n. 1. 650 4$aLogica - Filosofia.$0(OLS)http://semarc/subject/2012 650 4$aFilosofia del linguaggio.$0(OLS)http://semarc/subject/3184 850 $aSeMil 852 $aSeMil$W1$xVenegono$y1$m2P V 363$j38282$B38282$CSeMilBibl$Z2$F38285 $81 996 $6245$aLogica delle forme temporali e teoria della storia$9(OLS)http://semarc/title/116210 996 $6260$a[S.l. :$bs.n.$9(OLS)http://semarc/publisher/31686